00256 2200121 4500001002100000005001500021035002000036245002500056300001200081260002100093082000800114084001200122INLIS00000000000215720250527114604 a0010-0525000449 aMelatih Tenis Remaja a189 hlm bMU3 Books,c2002 a700 a700 MEL